[Event "SRB-chT2 East CS"]
[Site "Kragujevac"]
[Date "2016.10.06"]
[Round "6.3"]
[White "Zivkovic, Dragan"]
[Black "Pavlovic, Dean"]
[Result "1/2-1/2"]
[WhiteElo "2149"]
[BlackElo "2263"]
[PlyCount "30"]
[EventDate "2016.08.26"]
[EventType "team-tourn"]
[EventRounds "11"]
[EventCountry "SRB"]
[SourceTitle "EXT 2021"]
[Source "ChessBase"]
[SourceDate "2020.10.23"]
[SourceVersion "1"]
[SourceVersionDate "2020.10.23"]
[SourceQuality "1"]

1. d4 d5 2. Nf3 Nf6 3. Bf4 e6 4. e3 b6 5. c3 Bb7 6. Nbd2 Nbd7 7. h3 Be7 8. Be2 0-0 9. 0-0 Re8 10. Re1 Nf8 11. Ne5 N6d7 12. Bb5 Nxe5 13. Bxe8 Nd3 14. Bb5 Nxe1 15. Qxe1 Bd6 1/2-1/2

[Event "SRB-chT2 East CS"]
[Site "Serbia"]
[Date "2011.10.14"]
[Round "8.51"]
[White "Pavlovic, Dean"]
[Black "Petkovic, Dragoslav"]
[Result "1/2-1/2"]
[WhiteElo "2287"]
[BlackElo "2194"]
[PlyCount "22"]
[EventDate "2011.09.11"]
[EventType "team"]
[EventRounds "11"]
[EventCountry "SRB"]
[SourceTitle "EXT 2015"]
[Source "ChessBase"]
[SourceDate "2014.11.20"]
[SourceVersion "1"]
[SourceVersionDate "2014.11.20"]
[SourceQuality "1"]

1. c4 e5 2. Nc3 d6 3. g3 g6 4. Bg2 Bg7 5. e3 f5 6. Nge2 Nf6 7. d3 Nbd7 8. b4 0-0 9. a4 Kh8 10. a5 Rb8 11. 0-0 Ne8 1/2-1/2

[Event "SRB-chT2 East CS"]
[Site "Serbia"]
[Date "2011.10.14"]
[Round "7.51"]
[White "Petkov, Vladimir"]
[Black "Pavlovic, Dean"]
[Result "1-0"]
[WhiteElo "2511"]
[BlackElo "2287"]
[PlyCount "68"]
[EventDate "2011.09.11"]
[EventType "team"]
[EventRounds "11"]
[EventCountry "SRB"]
[SourceTitle "EXT 2015"]
[Source "ChessBase"]
[SourceDate "2014.11.20"]
[SourceVersion "1"]
[SourceVersionDate "2014.11.20"]
[SourceQuality "1"]

1. d4 d5 2. c4 c6 3. Nf3 Nf6 4. Nc3 e6 5. g3 Be7 6. Bg2 Nbd7 7. Qd3 b6 8. 0-0 0-0 9. e4 dxc4 10. Qxc4 Bb7 11. Rd1 b5 12. Qe2 b4 13. Na4 Qa5 14. b3 c5 15. e5 Nd5 16. Bg5 Bxg5 17. Nxg5 h6 18. Ne4 cxd4 19. Rxd4 Bc6 20. Nd6 N7b6 21. Nxb6 Qxb6 22. Qd2 a5 23. Ne4 Rfd8 24. Rd1 Rd7 25. Nf6+ Nxf6 26. Bxc6 Rxd4 27. Qxd4 Qxc6 28. exf6 g6 29. Qf4 Qc3 30. h4 Rf8 31. Rc1 Qb2 32. Rc5 Qxa2 33. Kg2 Kh7 34. Qd6 Kg8 1-0